000 00679nam a2200253 4500
001 29792
003 BD-RjUL
005 20211209051448.0
008 140407s1962 nyua 001 0 eng
035 _a(BD-RjUL)29877
040 _aDLC
_cDLC
_dDLC
_dBD-RjUL
_beng
041 _aeng
082 0 0 _a311.2
_bMCP 1962
100 1 _aMcNemar, Quinn,
_d1900-
_990692
245 1 0 _aPsychological statistics /
_cby Quinn McNemar.
250 _a3d ed.
260 _aNew York ;
_aLondon :
_bWiley,
_cc1962.
300 _a451 p. :
_billus. ;
_c24 cm.
504 _aIncludes index.
650 0 _aStatistics.
_990693
942 _2ddc
_cBK
999 _c29792
_d29792